| 000 | 01058nam a2200289 a 4500 | ||
|---|---|---|---|
| 001 | 000024812 | ||
| 005 | 20200930023402.0 | ||
| 008 | 110203s1977 mx r 000 | spa d | ||
| 040 |
_aDO-SdBNP _bspa _cBNPHU |
||
| 041 | 1 | 7 |
_aeng _hspa _2Código de idioma MARC |
| 082 |
_a150.195 _bF932c |
||
| 100 | 1 |
_aFromm, Erich, _d1900-1980 _98175 |
|
| 240 | 1 | 4 |
_aThe heart of man. _lEspañol |
| 245 | 1 | 3 |
_aEl corazón del hombre : _bsu potencia para el bien y para el mal / _cErich Fromm ; traducción de Florentino M. Torres. |
| 260 |
_aMéxico, D. F. : _bFondo de Cultura Económica, _c1977. |
||
| 300 |
_a179 p. ; _c17 cm.. |
||
| 490 | 1 |
_aPopular _v76 |
|
| 534 |
_aTítulo original : _tThe heart of man |
||
| 500 | _aIncluye referencias bibliográficas al pie de páginas | ||
| 500 | _aQuinta reimpresión de la primera edición en español | ||
| 650 | 4 |
_aPsicoanálisis _91958 |
|
| 650 | 4 |
_aBien y mal _91306 |
|
| 650 | 4 |
_aPsicología de la religión _934405 |
|
| 700 | 1 |
_aTorres, Florentino M., _etr. _950919 |
|
| 830 | 0 |
_aPopular, _v76 _913374 |
|
| 049 | _aBNGR | ||
| 999 |
_c24305 _d24305 |
||